Geboren in Villingen-Schwenningen - Statistiken

Allgemein
  • Dieses Quiz wurde 27 mal gespielt
  • Das Durchschnittsergebnis liegt bei 3 aus 8
Antwortstatistiken
Hinweis Antwort % Korrekt
Fußballnationalspieler, SC Freiburg 1993 Christian Günter
58%
ehemaliger Skispringer und zweifacher Weltmeister auf der Großschanze 1978 Martin Schmitt
58%
deutsch-italienischer Fußballspieler, FC Augsburg 1988 Daniel Caligiuri
54%
ehemaliger Fußballnationalspieler, TSG 1899 Hoffenheim 1990 Sebastian Rudy
42%
Teammanager der deutschen Handballnationalmannschaft, sportlicher Leiter der Rhein-Neckar Löwen und ehemaliger Handballnationalspieler 1978 Oliver Roggisch
23%
ehemaliger kroatischer und jugoslawischer Fußballnationalspieler (Real Madrid, Roter Stern Belgrad und FC Barcelona) 1969 Robert Prosinecki
19%
ehemaliger Eishockeynationalspieler (Boston Bruins, Philadelphia Flyers und New York Islanders) 1981 Dennis Seidenberg
8%
Eishockeynationalspieler, EHC Red Bull München 1984 Yannic Seidenberg
8%
Keine übereinstimmenden Quizze gefunden
Verteilung der Resultate
Anzahl Personen mit jedem Resultat
Perzentil nach korrekt beantworteten Fragen
Ihre Resultats-Entwicklung
Sie haben dieses Quiz noch nicht gespielt